| 000 | 00496nam a2200169 i 4500 | ||
|---|---|---|---|
| 001 | 93575 | ||
| 003 | ES-MaACL | ||
| 005 | 20230906181249.0 | ||
| 007 | t| | ||
| 008 | 050414s1970 es ||||1| spa d | ||
| 100 | 1 |
_aLópez, Matilde Elena. _973359 |
|
| 245 | 1 | 0 |
_aCartas a Groza / _cMatilde Elena López. |
| 250 | _a[1ª ed.]. | ||
| 260 |
_a[San Salvador : _bMinisterio de Educación. Dirección General de Cultura, _c1970] |
||
| 300 |
_a71 p. ; _c20 cm. |
||
| 852 |
_aES-MaACL _jC-42805 _bR.81362 |
||
| 999 |
_c93575 _d93575 |
||